The All England Law Reports: commercial cases 2002 (Record no. 619451)

MARC details
000 -LEADER
fixed length control field 00419nam a2200157 a 4500
008 - FIXED-LENGTH DATA ELEMENTS--GENERAL INFORMATION
fixed length control field 260416s2026##################000#0#eng##
020 ## - INTERNATIONAL STANDARD BOOK NUMBER
ISBN 9780406952547
Paper back/Hardbound hbk
082 04 - DEWEY DECIMAL CLASSIFICATION NUMBER
Classification number 348.42
Item number ALL.2
245 10 - TITLE STATEMENT
Title The All England Law Reports: commercial cases 2002
260 ## - PUBLICATION, DISTRIBUTION, ETC. (IMPRINT)
Place of publication London:
Name of publisher Butterworth,
Year of publication 2002.
300 ## - PHYSICAL DESCRIPTION
Number of Pages xix,1136p.
Dimensions ;23cm.
490 ## - SERIES STATEMENT
Volume number/sequential designation vol.2.
650 ## - SUBJECT ADDED ENTRY--TOPICAL TERM
Topical Term Law
942 ## - ADDED ENTRY ELEMENTS (KOHA)
Koha item type English Books
Holdings
Withdrawn status Lost status Damaged status Not for loan Home library Current library Shelving location Date acquired Full call number Accession Number Price effective from Koha item type
        Anna Centenary Library Anna Centenary Library 4TH FLOOR, A WING 16.04.2026 348.42 ALL.2 479267 16.04.2026 English Books

Find us on the map